| 000 | 00812nam a22002777a 4500 | ||
|---|---|---|---|
| 003 | OSt | ||
| 005 | 20240730144316.0 | ||
| 008 | 110825t 2007xxu||||| |||| 00| 0 eng d | ||
| 020 | _a9780714847689 | ||
| 020 | _a0714847682 | ||
| 020 | _a9780714847682 | ||
| 040 | _c0 | ||
| 082 | _a745.2 | ||
| 245 | _a& fork. | ||
| 246 | 3 | _aAnd fork | |
| 260 |
_aLondon : _bPhaidon Press, _c 2007. |
||
| 300 |
_a444 p. : _bchiefly col. ill. ; _c31 cm. |
||
| 500 | _aPresents the work of 100 young designers chosen by 10 curators. | ||
| 500 | _a"Curators, Tom Dixon ... et al."--P. [6]. | ||
| 504 | _aIncludes bibliographical references and index. | ||
| 650 |
_aIndustrial design. _9104 |
||
| 650 |
_aDesigners. _932102 |
||
| 650 |
_aDesign. _925070 |
||
| 700 |
_aDixon, Tom, _d1959- _9124897 |
||
| 942 |
_2ddc _cREF |
||
| 999 |
_c353420 _d353420 |
||